LIBRARY & INFORMATION CENTRE, KCAET, TAVANUR

ONLINE PUBLIC ACCESS CATALOGUE (OPAC)

Green Technology (Record no. 15582)

MARC details
000 -LEADER
fixed length control field 00360nam a22001457a 4500
003 - CONTROL NUMBER IDENTIFIER
control field OSt
008 - FIXED-LENGTH DATA ELEMENTS--GENERAL INFORMATION
fixed length control field 190517b ||||| |||| 00| 0 eng d
020 ## - INTERNATIONAL STANDARD BOOK NUMBER
ISBN 9789386546388
082 ## - DEWEY DECIMAL CLASSIFICATION NUMBER
Classification number 631.583
Item number GHO/GR
100 ## - MAIN ENTRY--AUTHOR NAME
Personal name Ghosh, Arupratan
245 ## - TITLE STATEMENT
Title Green Technology
260 ## - PUBLICATION, DISTRIBUTION, ETC. (IMPRINT)
Place of publication New Delhi
Name of publisher New India Publishing House
Year of publication 2019
300 ## - PHYSICAL DESCRIPTION
Number of Pages 290 p.
942 ## - ADDED ENTRY ELEMENTS (KOHA)
Koha item type Books
Holdings
Withdrawn status Lost status Damaged status Collection code Home library Current library Shelving location Date acquired Cost, normal purchase price Full call number Accession Number Koha item type
      Non-fiction KAUAET KAUAET General Stacks 17/05/2019 3000.00 631.583 GHO/GR 25784 Books
free website counter